000 00750aam a2200289 i 4500
001 768714001
003 CO-MdFUSB
005 20250521123340.0
007 ta
008 250521t1997 ck |||| |||| 00| 0 spa d
020 _a958-9269-36-2
040 _cCO-MdFUSB
041 0 _aspa
082 0 4 _223
_a248.4
_bG939a
100 1 _aGuevara, Ignacio
_eautor
245 1 3 _aEl amor en el Espíritu
_c/ Ignacio Guevara
264 1 _b[Editorial no identificada],
_aColombia :
_c[1997]
264 4 _c©1997
300 _a171 páginas
336 _atexto
_btxt
_2rdacontent
337 _2rdamedia
_asin mediación
_bn
338 _2rdacarrier
_avolumen
_bnc
563 _aRústico
650 0 _aVida cristiana
_919
942 _cBK
945 _aJTF-925
999 _c39777
_d39777